000
00256 a2200121 4500
001
155654
040
_c
Escola São Tomás de Aquino
240
1
0
_a
Filosofia
_l
por
245
1
0
_a
Filosofia
300
_a
192
697
_a
FILOSOFIA E PSICOLOGIA
942
_c
BK
999
_c
155654
_d
155654